[Event "Suizo"]
[White "jcferrer"]
[Black "maperezi"]
[Date "2017.02.11"]
[Result "1-0"]
[WhiteElo "1617"]
[BlackElo "1548"]

1. e2-e4 e7-e5 2. Ng1-f3 Nb8-c6 3. Bf1-b5 a7-a6 4. Bb5-a4 Ng8-f6 5. d2-d3 Bf8-b4 6. c2-c3 Bb4-c5 7. O-O O-O 8. Rf1-e1 d7-d6 9. Bc1-e3 Bc5xe3 10. f2xe3 h7-h6 11. Ba4-c2 Bc8-g4 12. h2-h3 Bg4xf3 13. Qd1xf3 b7-b5 14. d3-d4 e5xd4 15. c3xd4 Nc6-e7 16. Nb1-d2 c7-c6 17. Nd2-f1 d6-d5 18. e4-e5 Nf6-e4 19. Nf1-g3 Ne4xg3 20. Qf3xg3 Ra8-c8 21. Re1-f1 Ne7-g6 22. Rf1-f3 Qd8-a5 23. a2-a3 Qa5-d2 24. Rf3-f2 Qd2-a5 25. Ra1-f1 Rc8-c7 26. e5-e6 Rc7-e7 27. e6xf7 Re7xf7 28. Qg3xg6 Rf7xf2 29. Qg6-h7 Kg8-f7 30. Rf1xf2 Kf7-e8 31. Bc2-g6 Ke8-d8 32. Rf2xf8 Kd8-c7 33. Qh7xg7 Kc7-b6 34. Rf8-b8  1-0

[Event "Suizo"]
[White "arodriguez"]
[Black "JBERNAL"]
[Date "2017.02.11"]
[Result "1-0"]
[WhiteElo "1877"]
[BlackElo "1680"]

1. d2-d4 d7-d5 2. c2-c4 Ng8-f6 3. c4xd5 Nf6xd5 4. e2-e4 Nd5-b6 5. Nb1-c3 e7-e5 6. Ng1-e2 Bf8-b4 7. a2-a3 Bb4xc3 8. b2xc3 Bc8-e6 9. g2-g3 c7-c6 10. Bf1-g2 O-O 11. O-O Nb6-c4 12. Qd1-c2 Qd8-d7 13. Rf1-d1 Be6-h3 14. d4xe5 Qd7-e6 15. Ne2-f4 Qe6-g4 16. Bg2xh3 Qg4-c8 17. Bh3xc8  1-0

[Event "Suizo"]
[White "nrapetti"]
[Black "matorres"]
[Date "2017.02.11"]
[Result "1-0"]
[WhiteElo "1658"]
[BlackElo "1532"]

1. e2-e4 g7-g5 2. Bf1-c4 e7-e5 3. Qd1-h5 Qd8-e7 4. Ng1-f3 Ng8-f6 5. Qh5xg5 Rh8-g8 6. Qg5xe5 Nf6xe4 7. Qe5xe7 Bf8xe7 8. O-O Nb8-c6 9. d2-d3 Nc6-d4 10. Nf3xd4 Ne4-f6 11. Nb1-c3 Be7-c5 12. Nd4-b5 Bc5-b6 13. Bc1-e3 c7-c5 14. Rf1-e1 d7-d5 15. Be3xc5 Ke8-d8 16. Bc5-e7 Kd8-d7 17. Be7xf6 d5xc4 18. d3xc4 Kd7-c6 19. Ra1-d1 Bc8-h3 20. Rd1-d6 Kc6-c5 21. Re1-e5 Kc5-b4 22. a2-a3 Kb4-a5 23. b2-b4 Ka5-a6 24. Nb5-c7  1-0

[Event "Suizo"]
[White "jmartinezga"]
[Black "mserrano"]
[Date "2017.02.11"]
[Result "1-0"]
[WhiteElo "1813"]
[BlackElo "1614"]

1. e2-e4 e7-e5 2. Ng1-f3 d7-d6 3. d2-d4 e5xd4 4. Nf3xd4 Ng8-f6 5. Nb1-c3 Qd8-e7 6. Bf1-d3 d6-d5 7. O-O d5xe4 8. Nc3xe4 Nf6xe4 9. Bd3xe4 Qe7xe4 10. Rf1-e1 Qe4-e7 11. Re1xe7 Bf8xe7 12. Qd1-e2 Nb8-c6 13. Nd4xc6 b7xc6 14. b2-b3 Bc8-e6 15. Bc1-b2 O-O 16. Ra1-e1 Be7-b4 17. Re1-d1 Ra8-e8 18. Qe2-e5 f7-f6 19. Qe5xc7 Rf8-f7 20. Qc7xc6 Re8-c8 21. Qc6xe6 Rc8xc2 22. Rd1-d8 Bb4-f8 23. Rd8xf8 Kg8xf8 24. Bb2-a3 Rf7-e7 25. Qe6xe7 Kf8-g8 26. Qe7-e8  1-0

[Event "Suizo"]
[White "dfunes"]
[Black "cebravo"]
[Date "2017.02.11"]
[Result "0-1"]
[WhiteElo "1631"]
[BlackElo "1944"]

1. e2-e4 c7-c5 2. Ng1-f3 d7-d6 3. Bf1-b5 Bc8-d7 4. Bb5xd7 Nb8xd7 5. Nb1-c3 g7-g6 6. b2-b3 Bf8-g7 7. Bc1-b2 Ng8-f6 8. d2-d3 O-O 9. O-O a7-a6 10. Rf1-e1 e7-e5 11. Qd1-d2 b7-b5 12. a2-a3 Nd7-b6 13. a3-a4 b5-b4 14. Nc3-a2 a6-a5 15. Qd2-e3 Nf6-g4 16. Qe3-e2 Ng4-h6 17. h2-h3 f7-f5 18. c2-c3 Qd8-e7 19. Ra1-d1 f5-f4 20. d3-d4 c5-c4 21. b3xc4 b4-b3 22. Na2-c1 Nb6xa4 23. Nc1xb3 Na4xb2 24. Qe2xb2 a5-a4 25. Nb3-d2 a4-a3 26. Qb2-b3 Rf8-b8 27. Qb3-c2 Rb8-b2 28. Qc2-d3 a3-a2 29. Rd1-a1 Qe7-b7 30. c4-c5 Nh6-f7 31. Qd3-c4 e5xd4 32. c3xd4 d6xc5 33. Qc4xc5 Ra8-c8 34. Qc5-a5 Rc8-c2 35. d4-d5 Rb2-b5 36. Qa5-a3 Bg7xa1 37. Re1xa1 Rb5-b2 38. d5-d6 Rc2xd2 39. Nf3xd2 Rb2xd2 40. Qa3-a4 Qb7-b1 41. Kg1-h2 Qb1xa1 42. Qa4-e8 Kg8-g7 43. e4-e5 Qa1xe5  0-1

[Event "Suizo"]
[White "JBERNAL"]
[Black "maperezi"]
[Date "2017.02.11"]
[Result "1-0"]
[WhiteElo "1685"]
[BlackElo "1557"]

1. e2-e4 e7-e5 2. Ng1-f3 Nb8-c6 3. Bf1-c4 Ng8-f6 4. Nb1-c3 h7-h6 5. d2-d3 Bf8-b4 6. Bc1-d2 d7-d6 7. O-O O-O 8. a2-a3 Bb4xc3 9. Bd2xc3 a7-a6 10. Bc4-b3 Nf6-g4 11. d3-d4 e5xd4 12. Nf3xd4 Ng4-f6 13. Nd4xc6 b7xc6 14. Qd1-f3 Bc8-g4 15. Bc3xf6 Bg4xf3 16. Bf6xd8 Ra8xd8 17. g2xf3 d6-d5 18. e4xd5 c6xd5 19. Kg1-h1 d5-d4 20. Rf1-g1 d4-d3 21. c2xd3 Rd8xd3 22. Bb3-c4 Rd3xf3 23. Bc4xa6 Rf3xf2 24. b2-b3 Rf8-a8 25. Ba6-c4 Ra8-a5 26. Rg1-f1 Rf2xf1 27. Ra1xf1 Ra5xa3 28. Rf1xf7 Kg8-h7 29. Rf7xc7 Ra3-a1 30. Kh1-g2 Ra1-a2 31. Kg2-h3 Ra2-c2 32. Bc4-d3 Kh7-g8  1-0

[Event "Suizo"]
[White "matorres"]
[Black "wvelandia"]
[Date "2017.02.11"]
[Result "0-1"]
[WhiteElo "1540"]
[BlackElo "1583"]

1. e2-e3 d7-d5 2. d2-d4 Bc8-f5 3. Nb1-c3 e7-e6 4. Bf1-b5 c7-c6 5. Bb5-e2 Bf8-b4 6. Ng1-f3 Ng8-f6 7. a2-a3 Bb4xc3 8. b2xc3 O-O 9. O-O Nf6-e4 10. c3-c4 Qd8-a5 11. c4xd5 c6xd5 12. Bc1-d2 Qa5-c7 13. c2-c3 a7-a6 14. a3-a4 Bf5-g4 15. Nf3-e5 Bg4-f5 16. f2-f3 Ne4-f6 17. e3-e4 d5xe4 18. f3xe4 Nf6xe4 19. Be2-g4 Bf5xg4 20. Qd1xg4 Ne4xd2 21. Rf1-f6 Nb8-d7 22. Rf6-h6 Nd7xe5 23. Qg4-g5 Qc7xc3 24. d4xe5 Qc3xa1 25. Kg1-f2 Qa1-f1 26. Kf2-g3 Nd2-e4 27. Kg3-g4 Ne4xg5 28. Kg4xg5 g7xh6 29. Kg5xh6 Qf1-f4  0-1

[Event "Suizo"]
[White "dfunes"]
[Black "jcferrer"]
[Date "2017.02.11"]
[Result "1-0"]
[WhiteElo "1634"]
[BlackElo "1609"]

1. e2-e4 e7-e5 2. Ng1-f3 Nb8-c6 3. Bf1-c4 Bf8-c5 4. c2-c3 Ng8-f6 5. d2-d3 Nc6-a5 6. Bc4xf7 Ke8xf7 7. b2-b4 Bc5xf2 8. Ke1xf2 Na5-c6 9. b4-b5 Nc6-e7 10. Qd1-b3 d7-d5 11. Nf3xe5 Kf7-e8 12. Rh1-f1 Rh8-f8 13. Kf2-g1 Qd8-d6 14. Bc1-f4 Qd6-c5 15. d3-d4 Qc5-c4 16. Ne5xc4 d5xc4 17. Qb3xc4 Nf6xe4 18. Qc4-e2 Bc8-f5 19. Bf4xc7 Ne7-d5 20. Rf1xf5 Rf8xf5 21. Qe2xe4  1-0

[Event "Suizo"]
[White "arodriguez"]
[Black "nrapetti"]
[Date "2017.02.11"]
[Result "1-0"]
[WhiteElo "1871"]
[BlackElo "1650"]

1. d2-d4 d7-d5 2. c2-c4 d5xc4 3. e2-e3 Bc8-d7 4. Bf1xc4 e7-e6 5. Ng1-f3 Nb8-c6 6. O-O Ng8-f6 7. Nb1-c3 a7-a6 8. Rf1-e1 Bf8-d6 9. e3-e4 e6-e5 10. Bc1-g5 h7-h6 11. Bg5-h4 Bd7-g4 12. d4-d5 Nc6-d4 13. Bc4-e2 Nd4xf3 14. Be2xf3 Bg4xf3 15. Qd1xf3 O-O 16. Ra1-c1 Ra8-c8 17. Nc3-d1 c7-c6 18. Nd1-e3 Bd6-e7 19. d5xc6 Rc8xc6 20. Rc1xc6 b7xc6 21. Ne3-f5 Rf8-e8 22. Re1-d1 Qd8-c7 23. Nf5xh6 g7xh6 24. Bh4xf6 Be7xf6 25. Qf3xf6 Re8-e6 26. Rd1-d8 Qc7xd8 27. Qf6xd8 Kg8-g7 28. Qd8-b6 c6-c5 29. Qb6xc5 Kg7-g6 30. f2-f3 h6-h5 31. Kg1-f2 f7-f5 32. f3-f4 f5xe4 33. f4xe5 Kg6-f5 34. Kf2-e3 Re6xe5 35. Qc5-f8 Kf5-e6 36. Qf8-h6 Ke6-d5 37. Qh6xa6 Re5-e6 38. Qa6xe6 Kd5xe6 39. Ke3xe4  1-0

[Event "Suizo"]
[White "cebravo"]
[Black "jmartinezga"]
[Date "2017.02.11"]
[Result "1-0"]
[WhiteElo "1942"]
[BlackElo "1808"]

1. c2-c4 c7-c5 2. g2-g3 Nb8-c6 3. Bf1-g2 Ng8-f6 4. Ng1-f3 e7-e5 5. d2-d3 Bf8-e7 6. O-O O-O 7. Bc1-g5 h7-h6 8. Bg5xf6 Be7xf6 9. Nb1-d2 d7-d6 10. a2-a3 e5-e4 11. Nd2xe4 Bf6xb2 12. Ra1-a2 Bb2-f6 13. Ne4xf6 Qd8xf6 14. Nf3-d2 Nc6-d4 15. e2-e3 Nd4-f5 16. Nd2-e4 Qf6-e7 17. Ne4-c3 Ra8-b8 18. Nc3-d5 Qe7-d8 19. Qd1-a4 a7-a6 20. Rf1-b1 Bc8-d7 21. Qa4-c2 b7-b5 22. Ra2-b2 Rf8-e8 23. Nd5-c3 Qd8-a5 24. c4xb5 a6xb5 25. a3-a4 b5-b4 26. Nc3-b5 Bd7xb5 27. a4xb5 Qa5xb5 28. Bg2-d5 Nf5-e7 29. Bd5-c4 Qb5-c6 30. e3-e4 d6-d5 31. e4xd5 Ne7xd5 32. Qc2-b3 Rb8-d8 33. Rb1-a1 Qc6-b7 34. Rb2-a2 Re8-e7 35. Ra2-a7 Re7-e1 36. Ra1xe1 Qb7xa7 37. Bc4xd5 Qa7-d7 38. Bd5-c4 Qd7-b7 39. Re1-e4 Rd8-a8 40. f2-f3 Ra8-a1 41. Kg1-f2 Qb7-d7 42. Bc4xf7 Kg8-h7 43. Bf7-g8 Kh7-h8 44. Bg8-e6 Qd7-a7 45. Be6-c4 Qa7-d7 46. Qb3-b2 Ra1-d1 47. Qb2-e5 Qd7-h3 48. Qe5-e8 Kh8-h7 49. Bc4-g8 Kh7-h8 50. Bg8-f7 Kh8-h7 51. Qe8-g8  1-0

[Event "Suizo"]
[White "wvelandia"]
[Black "JBERNAL"]
[Date "2017.02.11"]
[Result "1-0"]
[WhiteElo "1572"]
[BlackElo "1678"]

1. b2-b4 d7-d5 2. Bc1-b2 Nb8-c6 3. a2-a3 Ng8-f6 4. e2-e3 e7-e5 5. Ng1-f3 Bf8-d6 6. d2-d3 O-O 7. Bf1-e2 Bc8-g4 8. O-O e5-e4 9. d3xe4 d5xe4 10. Nf3-g5 Bg4xe2 11. Qd1xe2 Nf6-d5 12. Qe2-h5 Nd5-f6 13. Bb2xf6 h7-h6 14. Bf6xd8 Ra8xd8 15. Ng5xe4 Bd6-e7 16. Nb1-c3  1-0

[Event "Suizo"]
[White "mserrano"]
[Black "maperezi"]
[Date "2017.02.11"]
[Result "1-0"]
[WhiteElo "1608"]
[BlackElo "1565"]

1. d2-d3 e7-e5 2. Ng1-f3 Nb8-c6 3. Nb1-c3 Ng8-f6 4. Bc1-g5 h7-h6 5. Bg5xf6 Qd8xf6 6. e2-e3 d7-d6 7. g2-g3 Bc8-g4 8. Bf1-e2 O-O-O 9. O-O Bg4xf3 10. Be2xf3 a7-a6 11. Nc3-d5 Qf6-g5 12. h2-h4 Qg5-g6 13. Bf3-h5 Qg6-e6 14. Bh5-g4 f7-f5 15. Bg4-f3 e5-e4 16. d3xe4 f5xe4 17. Bf3-g4 Qe6xg4 18. Qd1xg4 Kc8-b8 19. Qg4xe4 b7-b6 20. Nd5xb6 c7xb6 21. Qe4xc6 Rd8-c8 22. Qc6xb6 Kb8-a8 23. Qb6xa6 Ka8-b8 24. c2-c3 d6-d5 25. Qa6-b5 Kb8-a8 26. Qb5xd5 Ka8-b8 27. Rf1-d1 Bf8-e7 28. Qd5-b5 Kb8-a8 29. Rd1-d7 Be7-f6 30. Qb5-a6 Ka8-b8 31. Rd7-b7  1-0

[Event "Suizo"]
[White "matorres"]
[Black "dfunes"]
[Date "2017.02.11"]
[Result "0-1"]
[WhiteElo "1551"]
[BlackElo "1622"]

1. d2-d4 Ng8-f6 2. Ng1-f3 Nb8-c6 3. e2-e3 e7-e6 4. Nb1-c3 Bf8-b4 5. Bc1-d2 O-O 6. Bf1-d3 d7-d5 7. O-O Bb4xc3 8. Bd2xc3 Nf6-e4 9. Bd3xe4 d5xe4 10. Nf3-e5 f7-f6 11. Ne5-g4 f6-f5 12. Ng4-h6 g7xh6 13. Qd1-h5 Qd8-g5 14. g2-g4 Qg5xg4 15. Qh5xg4 f5xg4 16. a2-a3 Bc8-d7 17. b2-b4 Nc6-e7 18. Kg1-h1 Ne7-d5 19. Bc3-b2 Kg8-f7 20. c2-c4 Nd5-b6 21. c4-c5 Nb6-c4 22. Bb2-c3 h6-h5 23. Ra1-c1 Nc4xa3 24. Rc1-d1 Rf8-g8 25. Rf1-g1 Ra8-f8 26. Rd1-a1 Na3-b5 27. Bc3-b2 a7-a5 28. b4xa5 Rf8-a8 29. Rg1-g2 Nb5-a7 30. Bb2-c3 Na7-c6 31. Ra1-a4 Nc6-e7 32. Kh1-g1 Bd7xa4 33. Bc3-b2 Ra8xa5 34. Bb2-c3 Ra5-a8 35. Bc3-b4 Ba4-d1 36. Rg2-g3 Bd1-f3 37. Bb4-c3 Ne7-d5 38. Bc3-b2 Ra8-a2 39. Rg3xf3 e4xf3 40. e3-e4 Ra2xb2 41. e4xd5 Rb2-b1  0-1

[Event "Suizo"]
[White "jcferrer"]
[Black "jmartinezga"]
[Date "2017.02.11"]
[Result "0-1"]
[WhiteElo "1618"]
[BlackElo "1814"]

1. e2-e4 c7-c5 2. d2-d4 c5xd4 3. c2-c3 d4xc3 4. Nb1xc3 Nb8-c6 5. Bf1-c4 e7-e6 6. Ng1-f3 Ng8-f6 7. e4-e5 Nf6-g4 8. Bc1-f4 f7-f5 9. h2-h3 Ng4xf2 10. Ke1xf2 Qd8-b6 11. Bf4-e3 Qb6xb2 12. Nc3-e2 Nc6xe5 13. Nf3xe5 Qb2xe5 14. Rh1-f1 Bf8-d6 15. Be3-d4 Bd6-c5 16. Kf2-f3 Qe5-e4 17. Kf3-g3 Bc5xd4 18. Ne2xd4 Qe4-e5 19. Kg3-f2 b7-b6 20. Nd4-b5 O-O 21. Kf2-g1 Bc8-b7 22. Nb5-d6 Bb7-c6 23. Rf1-e1 Qe5-g3 24. Bc4-f1 f5-f4 25. Nd6-e4 Qg3-g6 26. Qd1-d3 f4-f3 27. g2-g3 Bc6xe4 28. Qd3xe4 Qg6xg3 29. Kg1-h1 f3-f2 30. Qe4-g2 Qg3xg2 31. Bf1xg2 f2xe1=Q 32. Ra1xe1 Ra8-c8 33. Re1-d1 d7-d5 34. Bg2-f1 Rc8-c2 35. Rd1-e1 Rf8-f6 36. a2-a4 d5-d4 37. Bf1-d3 Rc2-a2 38. Bd3-b5 Ra2-f2 39. Re1-d1 e6-e5 40. Kh1-g1 Rf2-f3 41. Kg1-g2 Rf3-f4 42. Rd1-f1 Rf6-g6  0-1

[Event "Suizo"]
[White "nrapetti"]
[Black "cebravo"]
[Date "2017.02.11"]
[Result "0-1"]
[WhiteElo "1655"]
[BlackElo "1936"]

1. e2-e4 c7-c5 2. Ng1-f3 d7-d6 3. d2-d4 c5xd4 4. Nf3xd4 Ng8-f6 5. Nb1-c3 a7-a6 6. Bf1-d3 e7-e5 7. Nd4-f3 Bf8-e7 8. Bc1-e3 Bc8-g4 9. h2-h3 Bg4xf3 10. Qd1xf3 O-O 11. O-O Nb8-d7 12. a2-a3 b7-b5 13. Ra1-d1 Qd8-c7 14. Nc3-d5 Nf6xd5 15. e4xd5 Nd7-c5 16. Be3xc5 Qc7xc5 17. b2-b4 Qc5-c8 18. Bd3-e2 Ra8-a7 19. Rd1-c1 Ra7-c7 20. Qf3-d3 Rc7-c3 21. Qd3-d2 Rc3xa3 22. c2-c4 Qc8-f5 23. Qd2-b2 Ra3-a4 24. c4xb5 Rf8-b8 25. Qb2-b3 a6xb5 26. Rc1-a1 Rb8-a8 27. Ra1xa4 b5xa4 28. Qb3-a3 e5-e4 29. Rf1-d1 Be7-h4 30. f2-f3 Bh4-d8 31. f3xe4 Qf5xe4 32. Be2-f3 Bd8-b6 33. Kg1-f1 Qe4-c2 34. Bf3-e2 Ra8-e8 35. Qa3-d3 Qc2-b2 36. Qd3-d2 Qb2-f6 37. Be2-f3 a4-a3 38. Rd1-e1 Re8-c8 39. Qd2-a2 Qf6-d4 40. Re1-d1 Qd4-g1 41. Kf1-e2 Qg1-f2 42. Ke2-d3 Qf2xa2 43. Rd1-d2 Qa2-b3 44. Kd3-e2 Qb3-e3 45. Ke2-d1 a3-a2  0-1

[Event "Suizo"]
[White "JBERNAL"]
[Black "mserrano"]
[Date "2017.02.11"]
[Result "1/2-1/2"]
[WhiteElo "1693"]
[BlackElo "1597"]

1. e2-e4 d7-d6 2. Ng1-f3 e7-e5 3. Bf1-c4 Ng8-f6 4. Nb1-c3 Nb8-c6 5. d2-d4 Bc8-e6 6. Bc4xe6 f7xe6 7. d4xe5 Nc6xe5 8. Nf3xe5 d6xe5 9. Qd1xd8 Ra8xd8 10. O-O c7-c6 11. Bc1-g5 h7-h6 12. Bg5xf6 g7xf6 13. Ra1-d1 b7-b5 14. Rd1xd8 Ke8xd8 15. Rf1-d1 Kd8-c7 16. a2-a4 a7-a6 17. a4xb5 a6xb5 18. b2-b3 Bf8-c5 19. Nc3-a2 Rh8-f8 20. Na2-c1 f6-f5 21. e4xf5 Rf8xf5 22. Nc1-d3 Bc5-d4 23. Kg1-f1 Kc7-b6 24. g2-g4 Rf5-f3 25. Kf1-g2 Rf3-f6 26. f2-f3 e5-e4 27. f3xe4 Rf6-g6 28. h2-h3 c6-c5 29. Nd3-f4 Rg6-f6 30. Rd1-f1 e6-e5 31. Nf4-e2 Rf6-d6 32. Kg2-g3 c5-c4 33. b3xc4 b5xc4 34. Rf1-b1 Kb6-c5 35. h3-h4 Rd6-f6 36. Kg3-g2 Rf6-f2 37. Kg2-h3 Rf2xe2 38. g4-g5 h6xg5 39. h4xg5 Re2-e3 40. Kh3-h4 Re3xe4 41. Kh4-h5 Bd4-e3 42. g5-g6 Re4-d4 43. g6-g7 Rd4-d8 44. Rb1-f1 Rd8-g8 45. Kh5-g6 Kc5-d4 46. Rf1-f8 Rg8xg7 47. Kg6xg7 Kd4-c3 48. Rf8-e8 Be3-d4 49. Re8-c8 Kc3-b4 50. Kg7-g6 c4-c3 51. Kg6-f5 Kb4-a3 52. Kf5-e4 Ka3-b2 53. Ke4-d3 Kb2-c1 54. Rc8-a8 Kc1-b2 55. Ra8-b8 Kb2-c1 56. Rb8-a8 Kc1-b2 57. Ra8-b8 Kb2-c1 58. Rb8-a8 Kc1-b2 59. Ra8-b8 Kb2-c1 60. Rb8-a8 Kc1-b2 61. Ra8-b8 Kb2-c1 62. Rb8-h8 Kc1-b2 63. Rh8-b8 Kb2-c1 64. Rb8-a8 Kc1-b2 65. Ra8-b8 Kb2-c1 66. Rb8-a8 Kc1-b2 67. Ra8-b8 Kb2-c1 68. Rb8-a8  1/2-1/2

[Event "Suizo"]
[White "arodriguez"]
[Black "wvelandia"]
[Date "2017.02.11"]
[Result "1-0"]
[WhiteElo "1886"]
[BlackElo "1555"]

1. d2-d4 d7-d5 2. c2-c4 Bc8-e6 3. c4xd5 Be6xd5 4. Nb1-c3 c7-c6 5. e2-e4 Bd5-e6 6. Ng1-f3 Be6-g4 7. Bf1-e2 e7-e6 8. O-O Bf8-d6 9. Bc1-g5 Bd6-e7 10. Bg5-f4 Ng8-f6 11. h2-h3 Bg4-h5 12. Qd1-b3 b7-b5 13. Ra1-c1 O-O 14. e4-e5 Nf6-d5 15. Nc3xd5 e6xd5 16. Rf1-e1 a7-a5 17. Nf3-d2 Be7-b4 18. Be2xh5 Qd8-h4 19. Qb3-f3 Bb4xd2 20. Bf4xd2 Qh4xd4 21. Bd2-c3 Qd4-a4 22. Qf3-g3 b5-b4 23. e5-e6 b4xc3 24. e6-e7 Rf8-e8 25. Rc1xc3 d5-d4 26. Rc3-f3 Qa4-b4 27. Bh5xf7 Kg8-h8 28. Qg3-e5 Re8-c8 29. e7-e8=Q Qb4-f8 30. Qe8xf8 Rc8xf8 31. Qe5-e7 Nb8-a6 32. Bf7-c4 Na6-b4 33. Rf3xf8 Ra8xf8 34. Qe7xf8  1-0

[Event "Suizo"]
[White "maperezi"]
[Black "matorres"]
[Date "2017.02.11"]
[Result "0-1"]
[WhiteElo "1575"]
[BlackElo "1561"]

1. e2-e4 g7-g5 2. d2-d4 d7-d6 3. Nb1-c3 Bf8-h6 4. Ng1-e2 f7-f5 5. e4xf5 Bc8xf5 6. Ne2-g3 e7-e6 7. Ng3xf5 e6xf5 8. Bf1-c4 Qd8-e7 9. Qd1-e2 Nb8-c6 10. Qe2xe7 Ng8xe7 11. O-O Nc6xd4 12. Bc4-d3 O-O-O 13. Rf1-e1 Rh8-e8 14. g2-g3 f5-f4 15. g3-g4 Nd4-f3 16. Kg1-f1 Nf3xh2 17. Kf1-g2 Nh2xg4 18. Bd3xh7 Ng4-f6 19. Re1xe7 Re8xe7 20. Bh7-f5 Kc8-b8 21. b2-b3 Re7-e1 22. Bc1-b2 Re1-e6 23. Bf5xe6 Bh6-g7 24. Nc3-d5 Rd8-e8 25. Nd5xf6 Re8xe6 26. Bb2-a3 Bg7xf6 27. Ra1-d1 g5-g4 28. c2-c4 f4-f3 29. Kg2-g3 c7-c5 30. Kg3xg4 Bf6-d4 31. Kg4xf3 Re6-f6 32. Kf3-g2 Rf6xf2 33. Kg2-h3 Rf2xa2 34. Ba3-c1 Ra2-a1 35. Kh3-g4 Ra1-b1 36. Rd1-e1 Kb8-c7 37. Bc1-f4 Rb1xe1 38. Bf4-g3 Re1-b1 39. Kg4-f5 Rb1xb3 40. Kf5-e6 Rb3xg3  0-1

[Event "Suizo"]
[White "jmartinezga"]
[Black "dfunes"]
[Date "2017.02.11"]
[Result "1-0"]
[WhiteElo "1809"]
[BlackElo "1612"]

1. e2-e4 e7-e5 2. Ng1-f3 Nb8-c6 3. Bf1-b5 a7-a6 4. Bb5-a4 Ng8-f6 5. O-O d7-d6 6. Rf1-e1 Bf8-e7 7. c2-c3 O-O 8. h2-h3 Bc8-e6 9. d2-d4 e5xd4 10. c3xd4 Be6-d7 11. Nb1-c3 h7-h6 12. Bc1-f4 Nf6-h5 13. Bf4-h2 f7-f5 14. Nf3-d2 Nh5-f6 15. e4-e5 Nf6-e4 16. Nd2xe4 f5xe4 17. Nc3xe4 d6xe5 18. d4xe5 b7-b5 19. Ba4-c2 Kg8-h8 20. a2-a3 Be7-g5 21. Qd1-d3 Bd7-f5 22. Qd3xd8 Ra8xd8 23. Ra1-c1 Bg5xc1 24. Re1xc1 Nc6-d4 25. Ne4-c3 Bf5xc2 26. e5-e6 Nd4-e2 27. Nc3xe2 Rd8-d1 28. Rc1xd1 Bc2xd1 29. Ne2-c3 Bd1-b3 30. Bh2xc7 Bb3xe6 31. Nc3-e4 Rf8-c8 32. Bc7-e5 Be6-f5 33. Ne4-d6 Rc8-c5 34. Be5-c3 Bf5-e6 35. Nd6-e8 Rc5-g5 36. h3-h4 Rg5-g6 37. g2-g3 Kh8-g8 38. Ne8-c7 Be6-c4 39. Kg1-g2 Kg8-f7 40. Kg2-f3 Kf7-e7 41. Bc3-a5 Rg6-f6 42. Kf3-e3 Rf6-d6 43. Ba5-b4 Ke7-d7 44. Bb4xd6 Kd7xd6 45. Nc7xa6 Kd6-e5 46. Na6-b4 g7-g6 47. f2-f4 Ke5-f5 48. Nb4-c6 Kf5-g4 49. Ke3-f2 h6-h5 50. Nc6-e5 Kg4-f5 51. Ne5xc4 b5xc4 52. a3-a4 Kf5-e6 53. Kf2-e3 Ke6-d5 54. a4-a5 Kd5-c5 55. a5-a6 Kc5-b6 56. Ke3-d4 Kb6xa6 57. Kd4xc4 Ka6-b6 58. b2-b4 Kb6-c6 59. b4-b5 Kc6-b6 60. Kc4-d5 Kb6xb5 61. Kd5-e6 Kb5-c5 62. Ke6-f6 Kc5-d5 63. Kf6xg6 Kd5-e6 64. Kg6xh5 Ke6-f5 65. Kh5-h6 Kf5-g4 66. Kh6-g7 Kg4-f5 67. h4-h5 Kf5-e6 68. h5-h6  1-0

[Event "Suizo"]
[White "cebravo"]
[Black "jcferrer"]
[Date "2017.02.11"]
[Result "1-0"]
[WhiteElo "1933"]
[BlackElo "1623"]

1. d2-d4 e7-e6 2. Ng1-f3 d7-d5 3. g2-g3 c7-c5 4. c2-c3 Nb8-c6 5. Bf1-g2 Qd8-b6 6. O-O c5xd4 7. c3xd4 Ng8-e7 8. Nb1-c3 Ne7-f5 9. e2-e3 Bc8-d7 10. a2-a3 Bf8-e7 11. b2-b4 a7-a6 12. Bc1-d2 Ra8-c8 13. Nc3-a4 Qb6-c7 14. Ra1-c1 Qc7-d6 15. Na4-c5 O-O 16. Nc5xb7 Qd6-b8 17. Nb7-c5 Be7xc5 18. Rc1xc5 Nc6-a7 19. Qd1-e2 Bd7-b5 20. Qe2-d1 Rc8xc5 21. d4xc5 Bb5xf1 22. Bg2xf1 Na7-b5 23. a3-a4 Nb5-a3 24. Bf1xa6 Na3-c4 25. Bd2-c3 Rf8-d8 26. b4-b5 e6-e5 27. Qd1-a1 d5-d4 28. e3xd4 e5xd4 29. Nf3xd4 Nf5xd4 30. Bc3xd4 Nc4-d2 31. Bd4xg7 Nd2-f3 32. Kg1-g2 Nf3-d2 33. Bg7-h6 f7-f6 34. Qa1xf6 Rd8-d7 35. Qf6-g5 Kg8-h8 36. Qg5-f6 Kh8-g8 37. Qf6-e6 Rd7-f7 38. Bh6xd2 Qb8-f8 39. Bd2-e3 Kg8-h8 40. Be3-d4 Kh8-g8 41. Qe6-g4 Rf7-g7 42. Qg4xg7 Qf8xg7 43. Bd4xg7 Kg8xg7 44. c5-c6 Kg7-f8 45. c6-c7  1-0

[Event "Suizo"]
[White "nrapetti"]
[Black "vpenaa"]
[Date "2017.02.11"]
[Result "1-0"]
[WhiteElo "1659"]
[BlackElo "1580"]

1. e2-e4 e7-e5 2. Ng1-f3 Nb8-c6 3. Bf1-b5 a7-a6 4. Bb5xc6 d7xc6 5. Nf3xe5 f7-f6 6. Ne5-f3 Ng8-h6 7. d2-d3  1-0

[Event "Suizo"]
[White "matorres"]
[Black "jcferrer"]
[Date "2017.02.11"]
[Result "0-1"]
[WhiteElo "1547"]
[BlackElo "1625"]

1. e2-e4 e7-e5 2. Ng1-f3 Nb8-c6 3. d2-d3 Bf8-c5 4. Nb1-c3 Ng8-f6 5. Bc1-g5 h7-h6 6. Bg5-h4 g7-g5 7. Bh4-g3 Nf6-h5 8. Nf3xe5 Nc6xe5 9. Qd1xh5 Ne5-g6 10. Bg3-e5 Rh8-h7 11. Be5-g3 d7-d6 12. Nc3-d5 c7-c6 13. Nd5-c3 Qd8-f6 14. f2-f4 Ng6xf4 15. Bg3xf4 Qf6xf4 16. Qh5-e2 Bc8-g4 17. Qe2-d2 Bc5-e3 18. g2-g3 Be3xd2  0-1

[Event "Suizo"]
[White "wvelandia"]
[Black "nrapetti"]
[Date "2017.02.11"]
[Result "0-1"]
[WhiteElo "1558"]
[BlackElo "1649"]

1. Nb1-c3 Nb8-c6 2. d2-d4 d7-d5 3. Bc1-f4 Ng8-f6 4. e2-e3 e7-e6 5. Bf1-d3 Bf8-b4 6. a2-a3 Bb4xc3 7. b2xc3 O-O 8. Ng1-f3 Bc8-d7 9. O-O h7-h6 10. Bf4-e5 Rf8-e8 11. Be5xf6 Qd8xf6 12. e3-e4 d5xe4 13. Bd3xe4 Ra8-d8 14. Qd1-e2 a7-a6 15. Qe2-d3 b7-b6 16. Qd3xa6 e6-e5 17. Qa6-c4 e5xd4 18. Be4xc6 Bd7xc6 19. Nf3xd4 Re8-e4 20. f2-f3 Bc6-d5 21. Qc4xc7 Re4-e3 22. a3-a4 Rd8-d6 23. Qc7-c8 Rd6-d8 24. Qc8-c7 Qf6-d6 25. Qc7-a7 Re3xc3 26. Nd4-b5 Qd6-c5 27. Kg1-h1 Bd5-c4 28. Rf1-d1 Rd8xd1 29. Ra1xd1 Bc4xb5 30. a4xb5 Rc3xc2 31. Qa7-d7 Rc2-c1 32. Qd7-d8 Kg8-h7 33. Qd8-d3 Kh7-g8 34. Qd3-d8 Kg8-h7 35. h2-h3 Rc1xd1 36. Qd8xd1 Qc5xb5 37. Kh1-h2 Qb5-c5 38. Qd1-d7 f7-f6 39. g2-g4 b6-b5 40. Kh2-g3 b5-b4 41. h3-h4 Qc5-e5 42. Kg3-g2 Qe5-e2 43. Kg2-g3 Qe2-e5 44. Kg3-g2 b4-b3 45. Qd7-d3 f6-f5 46. g4xf5 Qe5-b2 47. Kg2-g3 Qb2-e5 48. Kg3-g4 b3-b2 49. f5-f6 Kh7-g8 50. Qd3-d8 Kg8-h7 51. f6-f7 Qe5-e6 52. Kg4-g3 Qe6xf7 53. f3-f4 Qf7-b3 54. Kg3-g4 Qb3-e6 55. f4-f5 Qe6-e4 56. Kg4-g3 Qe4-e3 57. Kg3-g4 h6-h5 58. Kg4xh5 Qe3-f3 59. Kh5-g5 Qf3-g3 60. Kg5-h5 Qg3-f3 61. Kh5-g5 Qf3-g3 62. Kg5-h5 Qg3-f3 63. Kh5-g5 b2-b1=Q 64. f5-f6 Qb1-f5  0-1

[Event "Suizo"]
[White "vpenaa"]
[Black "JBERNAL"]
[Date "2017.02.11"]
[Result "1-0"]
[WhiteElo "1590"]
[BlackElo "1696"]

1. e2-e4 e7-e5 2. Ng1-f3 Nb8-c6 3. Bf1-b5 d7-d6 4. d2-d3 Bc8-d7 5. c2-c3 a7-a6 6. Bb5-a4 b7-b5 7. Ba4-b3 Ng8-f6 8. Nf3-g5 Bd7-e6 9. Bb3xe6 f7xe6 10. Ng5xe6 Qd8-e7 11. Ne6-g5 h7-h6 12. Ng5-f3 O-O-O 13. Nf3-h4 Qe7-f7 14. O-O Bf8-e7 15. a2-a4 Nf6xe4 16. a4xb5 a6xb5 17. Qd1-g4 Kc8-b7 18. Qg4xe4 Rh8-f8 19. Bc1-e3 d6-d5 20. Qe4-g4 Rd8-d6 21. c3-c4 d5xc4 22. d3xc4 b5xc4 23. Qg4-e4 Qf7-d5 24. Qe4-g4 Be7xh4 25. Qg4xh4 Rd6-g6 26. Qh4-h3 Rf8-f3 27. g2-g3 Rf3-f6 28. Nb1-c3 Qd5-f3 29. b2-b3 c4xb3 30. Ra1-b1  1-0

[Event "Suizo"]
[White "maperezi"]
[Black "jmartinezga"]
[Date "2017.02.11"]
[Result "1/2-1/2"]
[WhiteElo "1587"]
[BlackElo "1804"]

1. e2-e4 c7-c5 2. c2-c3 Nb8-c6 3. Ng1-f3 d7-d6 4. Bf1-b5 Bc8-d7 5. Bb5xc6 Bd7xc6 6. d2-d3 e7-e6 7. Nb1-d2 Ng8-f6 8. O-O Bf8-e7 9. Nd2-c4 O-O 10. a2-a3 a7-a6 11. b2-b4 b7-b5 12. Nc4-a5 Qd8-c7 13. Na5xc6 Qc7xc6 14. e4-e5 Nf6-d5 15. e5xd6 Be7xd6 16. c3-c4 Nd5-f6 17. b4xc5 Bd6xc5 18. Bc1-e3 b5xc4 19. Be3xc5 Qc6xc5 20. d3xc4 Qc5xc4 21. Ra1-c1 Qc4-g4 22. h2-h3 Qg4-h5 23. Nf3-e5 Qh5xd1 24. Rc1xd1 Ra8-d8 25. Rd1xd8 Rf8xd8 26. Ne5-c6 Rd8-d3 27. a3-a4 Nf6-d5 28. Rf1-b1 g7-g6 29. Rb1-b8 Kg8-g7 30. Rb8-a8 Nd5-c7 31. Ra8-a7 Rd3-d7 32. Nc6-b8 Rd7-d1 33. Kg1-h2 Rd1-a1 34. Ra7xc7 Ra1xa4 35. Rc7-a7 Ra4-a2 36. f2-f3 a6-a5 37. Nb8-c6 a5-a4 38. Nc6-e5 Kg7-f6 39. Ne5-g4 Kf6-g7 40. Ng4-e5 Kg7-f6 41. Ne5-g4 Kf6-g7 42. Ng4-e5 Kg7-f6 43. Ne5-g4 Kf6-g7 44. Ng4-e3  1/2-1/2

[Event "Suizo"]
[White "dfunes"]
[Black "arodriguez"]
[Date "2017.02.11"]
[Result "1-0"]
[WhiteElo "1618"]
[BlackElo "1883"]

1. e2-e4 c7-c5 2. Ng1-f3 d7-d6 3. Bf1-c4 e7-e6 4. c2-c3 Ng8-f6 5. d2-d3 Nb8-c6 6. Bc4-b3 Bf8-e7 7. Bc1-e3 O-O 8. O-O Qd8-c7 9. Nb1-d2 d6-d5 10. e4xd5 e6xd5 11. Be3-g5 Bc8-e6 12. Rf1-e1 Ra8-d8 13. Bb3-c2 d5-d4 14. c3xd4 Nc6xd4 15. Nf3xd4 Rd8xd4 16. Ra1-c1 Rf8-d8 17. Bg5-e3 Rd4-d7 18. d3-d4 c5-c4 19. Bc2-a4 Be7-d6 20. Nd2-f3 Rd7-e7 21. Qd1-e2 a7-a6 22. Be3-g5 b7-b5 23. Bg5xf6 g7xf6 24. Ba4-c2 Be6-g4 25. Qe2-d2 Bg4xf3 26. Qd2-h6 Bf3-e4 27. Bc2xe4 Re7xe4 28. Re1xe4 f6-f5 29. Re4-h4 f7-f6 30. Qh6xf6 Bd6-e7 31. Qf6-e6 Kg8-h8 32. Qe6-f7 Be7-d6 33. Qf7xf5 Rd8-f8 34. Qf5-e4  1-0